000 01189nam a2200217Ia 4500
003 Ost
005 20260416102401.0
008 260416s9999||||xx |||||||||||||| ||und||
040 _cfsecg
041 _aara
082 _a657.8
100 _aبشاري، سلمى
_eمؤلف
245 0 _aجباية المؤسسة /
_c سلمى بشاري
260 _aالجزائر
_bجامعة الجزائر3: كلية العلوم الإقتصادية، العلوم التجارية وعلوم التسيير
300 _a194 ورقة
_bايضاحات
_c12 سم
504 _aمراجع ص.139 الملاحق ص.143
520 _aمدخل الجباية، الإطار الجبائي للضريبة على الدخل الإجمالي، الإطار الجبائي للضريبة على أرباح الشركات، الإطار الجبائي للرسم على النشاط المهني، الاطار الجبائي للرسم على القيمة المضافة.،
653 _aجباية المؤسسة
710 _aجامعة الجزائر3: كلية العلوم الإقتصادية، العلوم التجارية وعلوم التسيير
_eناشر علمي
942 _cHANDOUT
999 _c41441
_d41441